000
00233nam a2200085Ia 4500
008
220204s9999 xx 000 0 und d
082
_a
338.26
_b
THI
245
0
_a
Third five year plan 1961-66: Fourth year's programme 1964-65
942
_c
BK
999
_c
20213
_d
20213